Pays les moins peuplés d'Amérique - Statistiques

Statistiques générales
  • Ce quiz a été pris 27 fois
  • Le résultat moyen est 3 sur 11
Statistiques - réponses
Habitants
Pays % Correct
47 500 Saint-Christophe-et-Niévès
96%
11 000 Saint-Barthélemy (France)
40%
32 000 Saint Martin (France)
40%
44 000 Saint Martin (Pays-Bas)
40%
31 500 Iles Vierges Britanniques (Royaume-Uni)
28%
4 500 Montserrat (Royaume-Uni)
24%
27 000 Bonaire (Pays-Bas)
20%
16 000 Anguilla (Royaume-Uni)
16%
6 000 Saint-Pierre-et-Miquelon (France)
16%
46 000 Iles Turques-et-Caïques (Royaume-Uni)
12%
3 500 Iles Falkland (Royaume-Uni)
8%
Aucun quiz correspondant
Distribution des résultats
% des personnes avec chaque résultat
Percentile par nombre de réponses
Votre historique - résultats
Vous n’avez pas pris ce quiz